000 01522nam2a22002771 4500
001 v19\rc\1539782
005 20060620132350.6
035 _a(NLR Aleph) 004657897
090 _a3510427
_c3510427
100 _a20060620e18881861|||y0rusy50 ca
101 0 _arus
102 _aRU
105 _aa c |||||
200 1 _aСистематический сборник указаний и правил по минному искусству, данных генерал-адъютантом графом Тотлебеном
_eИз замечаний на практ. работы сапер. батальонов за время 1861 по 1877 гг. и из соч. "Мин. война в Севастополе"
_fИзвлечение сост. А.П. Орда
210 _d1888
215 _a63 с., 1 л. черт.
461 0 _1001v19\rc\1539780
_12001#$aФортификационные коментарии генерал-адъютанта графа Э.И. Тотлебена$v3
_1700#1$aТотлебен$bЭ.И.$f1818-1884$gЭдуард Иванович
488 0 _12001#$aЗамечания на практические работы саперных батальонов за время 1861 по 1877 гг.
488 0 _12001#$aМинная война в Севастополе
702 1 _aОрда
_bА. П.
_f1835-1897
_gАдам Петрович
_4220
801 0 _aRU
_bNLR
_gpsbo
801 0 _aRU
_bRuMoRGB
_2psbo
801 1 _aRU
_bProSoft-M
_2rusmarc
852 _aNLR
_jП10/1296
942 _cBOOK
980 _aNB